Winners of Florida in U.S. Presidential Elections - Statistics

General Stats
  • This quiz has been taken 119 times
    41 since last reset
  • The average score is 16 of 17
Answer Stats
Hint Answer % Correct
2016 Donald Trump
100%
2020 Donald Trump
100%
2024 Donald Trump
100%
2008 Barack Obama
97%
2012 Barack Obama
97%
2000 George W. Bush
97%
2004 George W. Bush
97%
1988 George H.W. Bush
94%
1992 George H.W. Bush
94%
1964 Lyndon B. Johnson
94%
1980 Ronald Reagan
94%
1984 Ronald Reagan
94%
1996 Bill Clinton
91%
1976 Jimmy Carter
91%
1972 Richard Nixon
88%
1968 Richard Nixon
85%
1960 Richard Nixon
82%
No matching quizzes found
Score Distribution
Percent of People with Each Score
Percentile by Number Answered
Your Score History
You have not taken this quiz since the last reset